[Event "Dortmund Sparkassen op-B"]
[Site "Dortmund"]
[Date "2008.07.03"]
[Round "6"]
[White "Clausen, Dirk"]
[Black "Coenen, Siegfried"]
[Result "0-1"]
[WhiteElo "1628"]
[BlackElo "1883"]
[PlyCount "139"]
[EventDate "2008.06.30"]
[EventType "swiss"]
[EventRounds "9"]
[EventCountry "GER"]
[SourceTitle "EXT 2022"]
[Source "ChessBase"]
[SourceDate "2021.10.06"]
[SourceVersion "1"]
[SourceVersionDate "2021.10.06"]
[SourceQuality "1"]

1. c4 c6 2. d4 d5 3. cxd5 cxd5 4. Nf3 Nc6 5. Nc3 Nf6 6. e3 a6 7. a4 Bf5 8. Bd3 Bxd3 9. Qxd3 e6 10. 0-0 Nb4 11. Qe2 Rc8 12. e4 dxe4 13. Nxe4 Nxe4 14. Qxe4 Qd5 15. Qg4 h5 16. Qg3 Nc2 17. Rb1 Nxd4 18. Nxd4 Qxd4 19. b3 Bd6 20. Bb2 Qxb2 21. Qxd6 Qf6 22. Rbc1 Rd8 23. Qb6 0-0 24. Rc7 Rd5 25. Qxb7 a5 26. h3 g5 27. b4 axb4 28. Qxb4 Ra8 29. Rfc1 Qd8 30. R7c2 Qd7 31. Ra2 Rd4 32. Rc4 Rd1+ 33. Kh2 Qd5 34. Qc5 Ra5 35. Qxd5 exd5 36. Rb4 Kg7 37. Kg3 Kf6 38. Kf3 Re1 39. Rb5 Rxb5 40. axb5 Rb1 41. Ra5 Ke5 42. Ke2 Kd4 43. f4 g4 44. f5 Rb2+ 45. Kf1 gxh3 46. gxh3 f6 47. Ra4+ Ke5 48. Rh4 Kxf5 49. Rxh5+ Ke4 50. h4 Rxb5 51. Rh8 Rb7 52. h5 Rd7 53. h6 Kf5 54. Ke2 Kg6 55. Kf3 d4 56. Ke2 d3+ 57. Kd2 Rh7 58. Rg8+ Kf5 59. Kxd3 Rxh6 60. Rb8 Rh3+ 61. Ke2 Ra3 62. Kf2 Ke6 63. Rb4 f5 64. Kg2 Ra5 65. Rf4 Ra2+ 66. Kf3 Ke5 67. Rb4 Rh2 68. Kg3 Rh1 69. Kg2 Rh4 70. Rb3 0-1

[Event "Dortmund op-B"]
[Site "Dortmund"]
[Date "2007.06.27"]
[Round "5"]
[White "Clausen, Dirk"]
[Black "Bakshi, Raj"]
[Result "1-0"]
[WhiteElo "1522"]
[BlackElo "1722"]
[PlyCount "102"]
[EventDate "2007.06.22"]
[EventType "swiss"]
[EventRounds "9"]
[EventCountry "GER"]
[SourceTitle "EXT 2008"]
[Source "ChessBase"]
[SourceDate "2007.11.25"]
[SourceVersion "1"]
[SourceVersionDate "2007.11.25"]
[SourceQuality "1"]

1. Nf3 Nf6 2. c4 d6 3. g3 g6 4. Bg2 Bg7 5. 0-0 0-0 6. b3 Ne4 7. d4 c5 8. Bb2 Nc6 9. h3 cxd4 10. Nxd4 Nxd4 11. Bxd4 Ng5 12. h4 e5 13. Bc3 Ne6 14. Nd2 f5 15. e3 Qc7 16. Qc2 Bd7 17. Rad1 Bc6 18. Nf3 Rac8 19. Qb2 b6 20. Qa3 Rfd8 21. Ng5 Nxg5 22. hxg5 Bxg2 23. Kxg2 d5 24. Bb2 dxc4 25. bxc4 Bf8 26. Qc3 Bg7 27. Rxd8+ Rxd8 28. Qb3 Kh8 29. Rc1 Qc6+ 30. Kg1 h6 31. gxh6 Bf6 32. c5 bxc5 33. Qf7 g5 34. Qg6 Qe6 35. Rxc5 Rg8 36. Qxf6+ Qxf6 37. Bxe5 Qxe5 38. Rxe5 f4 39. Re7 Rg6 40. Rxa7 fxg3 41. f3 Rxh6 42. Kg2 Re6 43. Kxg3 Rxe3 44. Kg4 Kg8 45. a4 Kf8 46. a5 Ra3 47. a6 Ke8 48. Ra8+ Kd7 49. a7 Kc7 50. Rh8 Kb7 51. a8Q+ Rxa8 1-0

[Event "Dortmund1"]
[Site "Dortmund"]
[Date "2006.10.05"]
[Round "1.1"]
[White "Weers, Wolfgang"]
[Black "Clausen, Dirk"]
[Result "1-0"]
[WhiteElo "1393"]
[BlackElo "1388"]
[PlyCount "119"]
[EventDate "2006.10.15"]
[EventType "swiss"]
[EventRounds "9"]
[EventCountry "GER"]
[SourceTitle "EXT 2007"]
[Source "ChessBase"]
[SourceDate "2006.11.23"]
[SourceVersion "1"]
[SourceVersionDate "2006.11.23"]
[SourceQuality "1"]

1. d4 d5 2. c4 Nc6 3. Nf3 Bg4 4. e3 e6 5. Nc3 Nf6 6. Bd2 Ne4 7. Be2 Nxd2 8. Qxd2 Be7 9. 0-0 0-0 10. cxd5 exd5 11. a3 a6 12. b4 Na7 13. Ne5 Be6 14. Na4 f6 15. Nd3 b6 16. Rfc1 Bd6 17. Nc3 Qe7 18. Bd1 Rac8 19. Ne2 c5 20. bxc5 bxc5 21. dxc5 Bxc5 22. Nxc5 Rxc5 23. Rxc5 Qxc5 24. Nd4 Bf7 25. a4 Rc8 26. Be2 a5 27. h3 Qc3 28. Qxc3 Rxc3 29. Nb5 Nxb5 30. axb5 Rc2 31. Bf3 Kf8 32. Rxa5 Rb2 33. Ra8+ Ke7 34. Rb8 g5 35. Rb7+ Ke8 36. Bg4 Rb1+ 37. Kh2 Rb2 38. Kg3 h5 39. Bd7+ Kf8 40. Bc6 h4+ 41. Kf3 Bh5+ 42. g4 hxg3+ 43. Kxg3 Be2 44. b6 Ba6 45. Rb8+ Ke7 46. Bxd5 Kd7 47. b7 Rb4 48. Ra8 Bxb7 49. Ra7 Kd6 50. Rxb7 Ra4 51. Bb3 Ra3 52. Rb6+ Ke7 53. Re6+ Kd7 54. Rxf6 Rxb3 55. Rf5 Ke6 56. Rxg5 Kf6 57. Rg4 Rb7 58. h4 Rb5 59. f4 Rb3 60. Kf3 1-0

[Event "Dortmund1"]
[Site "Dortmund"]
[Date "2006.05.30"]
[Round "10"]
[White "Clausen, Dirk"]
[Black "Gegner, Michael"]
[Result "0-1"]
[WhiteElo "1287"]
[BlackElo "1412"]
[PlyCount "76"]
[EventDate "2006.10.15"]
[EventType "swiss"]
[EventRounds "9"]
[EventCountry "GER"]
[SourceTitle "EXT 2007"]
[Source "ChessBase"]
[SourceDate "2006.11.23"]
[SourceVersion "1"]
[SourceVersionDate "2006.11.23"]
[SourceQuality "1"]

1. Nf3 h6 2. c4 g5 3. d4 Bg7 4. Nc3 Nc6 5. e3 d6 6. Be2 e5 7. d5 Nb8 8. e4 Ne7 9. Nd2 Ng6 10. Nf1 Bd7 11. Ng3 Qc8 12. Nh5 Rg8 13. Nxg7+ Rxg7 14. Be3 a6 15. Qd2 Nf4 16. Bxf4 gxf4 17. g3 fxg3 18. hxg3 Bg4 19. Rxh6 Ke7 20. 0-0-0 Bxe2 21. Qxe2 Nd7 22. Qh5 Qg8 23. Qh4+ f6 24. Rh1 Qf7 25. Ne2 b5 26. b3 bxc4 27. bxc4 Rb8 28. Kc2 Qe8 29. Qh3 Nc5 30. Nc3 Rb4 31. Qf1 Qb8 32. Kd2 Rb2+ 33. Ke3 Qb4 34. Nb1 Rxa2 35. Qc1 Qb6 36. Kf3 Nxe4 37. Kxe4 Qd4+ 38. Kf3 Rxf2# 0-1

[Event "Dortmund op"]
[Site "Dortmund"]
[Date "2006.03.07"]
[Round "2.25"]
[White "Wilms, Christoph"]
[Black "Clausen, Dirk"]
[Result "0-1"]
[WhiteElo "1526"]
[BlackElo "1287"]
[PlyCount "54"]
[EventDate "2006.03.06"]
[EventType "swiss"]
[EventRounds "9"]
[EventCountry "GER"]
[SourceTitle "CBM 111 Extra"]
[Source "ChessBase"]
[SourceDate "2006.05.09"]
[SourceVersion "1"]
[SourceVersionDate "2006.05.09"]
[SourceQuality "1"]

1. d4 d5 2. c4 c6 3. cxd5 cxd5 4. Nc3 Nf6 5. Bf4 Nc6 6. e3 e6 7. Nb5 Bb4+ 8. Ke2 e5 9. dxe5 Qa5 10. exf6 Qxb5+ 11. Kf3 Qc5 12. a3 d4 13. axb4 Qh5+ 14. Kg3 Qg6+ 15. Kh4 Qxf6+ 16. Bg5 Qxf2+ 17. g3 h6 18. Qf3 hxg5+ 19. Kxg5 f6+ 20. Kf4 g5+ 21. Ke4 f5+ 22. Kd5 Nxb4+ 23. Ke5 Qxb2 24. Bb5+ Kf7 25. Bc4+ Kg6 26. Ne2 dxe3+ 27. Nd4 Re8+ 0-1

[Event "Dortmund ABC Serie B-24"]
[Site "Dortmund"]
[Date "2005.12.10"]
[Round "12"]
[White "Herrmann, Rudolf"]
[Black "Clausen, Dirk"]
[Result "0-1"]
[WhiteElo "1404"]
[BlackElo "1309"]
[PlyCount "90"]
[EventDate "2005.10.12"]
[EventType "tourn"]
[EventRounds "13"]
[EventCountry "GER"]
[SourceTitle "EXT 2007"]
[Source "ChessBase"]
[SourceDate "2006.11.23"]
[SourceVersion "1"]
[SourceVersionDate "2006.11.23"]
[SourceQuality "1"]

1. d4 c5 2. d5 Nf6 3. c4 b5 4. e3 bxc4 5. Bxc4 g6 6. Nc3 Bg7 7. Nf3 0-0 8. 0-0 d6 9. Re1 Nbd7 10. e4 Nb6 11. Nd2 Nbd7 12. Be2 Ne5 13. a4 Bb7 14. a5 Nfd7 15. Nc4 Nxc4 16. Bxc4 Ne5 17. Qe2 f5 18. Ra3 Qc8 19. f4 Nxc4 20. Qxc4 Ba6 21. Qa2 Qc7 22. Kh1 fxe4 23. Nxe4 Rab8 24. Ng5 Bc8 25. Ne6 Bxe6 26. Rxe6 Rf5 27. Rf3 c4 28. h3 Rxd5 29. Rf1 Rxa5 30. Qb1 c3 31. Qc2 Rc5 32. Qe4 cxb2 33. Bxb2 Bxb2 34. Rxe7 Qc8 35. f5 Rxf5 36. Kg1 Qc5+ 37. Kh2 Be5+ 38. Rxe5 Qxe5+ 39. Qxe5 dxe5 40. Rd1 e4 41. Rd7 e3 42. Re7 Rb3 43. Rxa7 e2 44. Re7 Rb2 45. Kg3 Rf1 0-1

[Event "Dortmund ABC Serie B-24"]
[Site "Dortmund"]
[Date "2005.12.07"]
[Round "11"]
[White "Clausen, Dirk"]
[Black "Grawe, Herbert"]
[Result "0-1"]
[WhiteElo "1309"]
[BlackElo "1467"]
[PlyCount "44"]
[EventDate "2005.10.12"]
[EventType "tourn"]
[EventRounds "13"]
[EventCountry "GER"]
[SourceTitle "EXT 2007"]
[Source "ChessBase"]
[SourceDate "2006.11.23"]
[SourceVersion "1"]
[SourceVersionDate "2006.11.23"]
[SourceQuality "1"]

1. c4 Nc6 2. Nf3 e5 3. d4 exd4 4. Nxd4 Nf6 5. Nxc6 bxc6 6. Nc3 a5 7. Bd2 Bc5 8. g3 d5 9. Bg2 0-0 10. 0-0 Re8 11. Bg5 Ra6 12. cxd5 cxd5 13. Nxd5 Rd6 14. Bxf6 gxf6 15. Qc2 Rxd5 16. Bxd5 Qxd5 17. Qd3 Qc6 18. Qf3 Qb5 19. Qxf6 Bh3 20. Rfd1 Be7 21. Qh6 Bg4 22. f3 Bg5 0-1

[Event "Dortmund ABC Serie Anfaenger-23"]
[Site "Dortmund"]
[Date "2005.04.30"]
[Round "5"]
[White "Clausen, Dirk"]
[Black "Wilke, Thomas"]
[Result "1-0"]
[WhiteElo "1316"]
[BlackElo "846"]
[PlyCount "67"]
[EventDate "2005.04.13"]
[EventType "tourn"]
[EventRounds "13"]
[EventCountry "GER"]
[SourceTitle "EXT 2007"]
[Source "ChessBase"]
[SourceDate "2006.11.23"]
[SourceVersion "1"]
[SourceVersionDate "2006.11.23"]
[SourceQuality "1"]

1. e4 d6 2. d4 b6 3. c4 c5 4. d5 Nf6 5. Nc3 Nbd7 6. Nf3 Bb7 7. Bg5 g6 8. Qd2 Bg7 9. Be2 0-0 10. 0-0 a6 11. Bd3 Re8 12. Bh6 Bh8 13. Rae1 Qc7 14. h3 e6 15. Ng5 Ne5 16. Be2 Bc8 17. f4 Ned7 18. dxe6 fxe6 19. Bf3 Bb7 20. Rd1 d5 21. cxd5 exd5 22. e5 d4 23. exf6 Nxf6 24. Bxb7 Qxb7 25. Na4 Qc6 26. Qc2 Nd5 27. Qc4 Bf6 28. Nxb6 Rad8 29. Nxd5 Rxd5 30. Rde1 Rxe1 31. Rxe1 Bxg5 32. Bxg5 Kf8 33. b4 Qd6 34. Be7+ 1-0

[Event "Dortmund ABC Serie A-22"]
[Site "Dortmund"]
[Date "2004.12.03"]
[Round "13"]
[White "Skoecz, Horst"]
[Black "Clausen, Dirk"]
[Result "1-0"]
[WhiteElo "1349"]
[BlackElo "1293"]
[PlyCount "73"]
[EventDate "2004.10.06"]
[EventType "tourn"]
[EventRounds "13"]
[EventCountry "GER"]
[SourceTitle "EXT 2006"]
[Source "ChessBase"]
[SourceDate "2005.11.24"]
[SourceVersion "1"]
[SourceVersionDate "2005.11.24"]
[SourceQuality "1"]

1. e4 e5 2. Nf3 Nc6 3. d4 exd4 4. Nxd4 Nf6 5. Nxc6 bxc6 6. Bd3 Qe7 7. 0-0 Qe5 8. c3 Bd6 9. f4 Qc5+ 10. Kh1 Be7 11. Qe2 0-0 12. Be3 Qa5 13. Nd2 Re8 14. Nb3 Qa4 15. c4 d6 16. f5 Bd8 17. Bg5 Ba6 18. Bxf6 Bxf6 19. Rf3 Rab8 20. Qc2 c5 21. Rg3 Re7 22. Qc1 Rb4 23. Bc2 Rxc4 24. a3 Qb5 25. Qd1 Bxb2 26. Rb1 Bf6 27. Nd2 Qd7 28. Nxc4 Bxc4 29. Bd3 Bxd3 30. Qxd3 Re8 31. Qa6 Rxe4 32. Rf3 Qe8 33. Rff1 Ra4 34. Qb7 Bd8 35. Qc8 Rxa3 36. Rfe1 Qf8 37. Qd7 1-0